000 01891nam a2200397 i 4500
001 192028
003 SpMaBN
005 20240926063328.0
008 221102s2020 sp a | ||||o000 0 spa
017 _aNA 120-2020
_bOficina Depósito Legal Navarra
020 _a9788423535507
035 _a(OCoLC)1258431463
040 _aSpMaBN
_bspa
_cSpMaBN
_erda
080 _a329.21(460)(0:82)(083.824)
080 _a821.134.2"19"(083.824)
245 0 1 _a¿Agonía o transformación? :
_bel carlismo en la literatura española = Agonia edo eraldaketa? : karlismoa espainiako literaturan, 1876-1912 /
_c[textos = testuak, Stephen Roberts]
246 3 1 _aAgonia edo eraldaketa :
_bkarlismoa espainiako literaturan
264 1 _a[Pamplona] :
_bGobierno de Navarra, Departamento de Cultura y Deporte = Nafarroako Gobernua, Kultura eta Kirol Departamentua,
_c[2020]
300 _a174 páginas :
_bilustraciones (blanco y negro y color) ;
_c24 x 22 cm
500 _aÍndice
546 _aTexto paralelo en español y en vasco
585 _aExposición: Museo del Carlismo, Estella, del 31 de octubre de 2019 al 19 de abril de 2020
650 7 _aCarlismo-
_xEn la literatura-
_vExposiciones.
_9175668
650 7 _aLiteratura española-
_yS.XX-
_vExposiciones.
_9175669
655 7 _2tgfbne
_9193628
_aCatálogos de exposiciones
700 1 _aRoberts, Stephen
_9235081
_eaut
710 2 _aMuseo del Carlismo.
_9175670
_ehis
852 _aES-MaACL
_jN-8214
_cDEPOJ
_hDonación: Editorial
_9199310
_xRústica con solapas
852 _aES-MaACL
_jN-8994
_cDEPOJ
_hDonación: Editorial
_bR.152905
_xRústica con solapas
_9203925
_tDuplicado
942 _cMONOGRAFIA
_n0
999 _c192028
_d192028